• Jean Potin

di Personal Name

Records bibliografici associati: 1

001 - CONTROL NUMBER

  • control field: 36233

003 - CONTROL NUMBER IDENTIFIER

  • control field: IT-RoPau

005 - DATE AND TIME OF LATEST TRANSACTION

  • control field: 20151014222819.0

008 - FIXED-LENGTH DATA ELEMENTS

  • fixed length control field: 151014|| aca||aabn | a|a d

040 ## - CATALOGING SOURCE

  • Original cataloging agency: IT-RoPau
  • Transcribing agency: IT-RoPau

100 ## - HEADING--PERSONAL NAME

  • Personal name: Jean Potin

670 ## - SOURCE DATA FOUND

  • Source citation: Work cat.: (IT-RoPau)35461: Jean Potin, Jesus. La storia vera. La cronaca, gli eventi, i protagonisti di un fatto realmente accaduto
CREDITS: SOCIETA' SAN PAOLO Via A.Severo, 58 - ROMA (RM) & PERIODICI SAN PAOLO SRL Via Giotto, 36 MILANO & CISF Via Giotto, 36 MILANO & EDIZIONI SAN PAOLO SRL,  Piazza Soncino, 5 CINISELLO BALSAMO (MI) -- ITALY